LEADER 01079nam a2200253 i 4500 001 991002108189707536 008 130705s2010 nyuabf b 001 0aeng 020 $a9780773436343 035 $ab14122418-39ule_inst 040 $aBibl. Interfacoltà T. Pellegrino$bita 082 04$a010.92 100 1 $aProctor, Robert$0470618 245 12$aA critical edition of the private diaries of Robert Proctor :$bthe life of a librarian at the British Museum /$cedited by J.H. Bowman ; with a foreword by John Goldfinch 260 $aLewiston, N.Y. :$bEdwin Mellen Press,$cc2010 300 $aXXVII, 373 p., [12] p. di tav. :$bill. ;$c24 cm. 600 14$aProctor, Robert$vDiari 650 4$aBibliografi$vDiari 700 1 $aBowman, J. H. 907 $a.b14122418$b02-04-14$c05-07-13 912 $a991002108189707536 945 $aLE002 010.92 PRO$g1$i2002000889171$lle002$op$pE116.98$q-$rl$s- $t0$u0$v0$w0$x0$y.i1552145x$z05-07-13 996 $aCritical edition of the private diaries of Robert Proctor$9263492 997 $aUNISALENTO 998 $ale002$b05-07-13$cm$da $e-$feng$gnyu$h2$i0 LEADER 01309nas 2200397 a 450 001 996209670303316 005 20240112002537.0 011 $a1879-3312 035 $a(CKB)954925496019 035 $a(CONSER) 96660084 035 $a(DE-599)ZDB1491959-X 035 $a(EXLCZ)99954925496019 100 $a19830422a19839999 uy a 101 0 $aeng 200 00$aMaterials chemistry and physics$b[e-journal] 210 $aLausanne, Switzerland $cElsevier Sequoia S.A. ;$aNew York, NY $cElsevier Science Publishers$d[1983]- 215 $a1 online resource 300 $aPublished: Amsterdam ; Elsevier, <2008-> 300 $aRefereed/Peer-reviewed 311 $aPrint version: Materials chemistry and physics (DLC)###96660084# (OCoLC)9440329 0254-0584 531 $aMATERIALS CHEMISTRY & PHYSICS 531 $aMATER CHEM PHYS 531 $aMATER CH PH 531 0 $aMater. chem. phys. 531 $aMATER. CHEM. PHYS 606 $aChemistry, Technical$vPeriodicals 608 $aPeriodicals. 615 0$aChemistry, Technical 676 $a660/.293 712 02$aZhongguo cai liao ke xue xue hui. 906 $aJOURNAL 912 $a996209670303316 920 $aexl_impl conversion 996 $aMaterials chemistry and physics$9791753 997 $aUNISA 999 $aHealth Sciences